000 00733cam a22002414a 4500
001 13075732
005 20171227033827.0
008 030131s2004 njua b 001 0 eng
010 _a 2003042552
020 _a0131118528
040 _aDLC
_cDLC
_dDLC
041 _aeng
042 _apcc
080 _a363.25
082 0 0 _a363.25 SAF
_221
100 1 _a13
101 _aSHJ
245 1 0 _aCriminalistics :
_cRichard Saferstein.
504 _aIncludes bibliographical references and index.
906 _a7
_bcbc
_corignew
_d1
_eocip
_f20
_gy-gencatlg
942 _2ddc
_cBK
999 _c39439
_d39439